| 000 | 00666nam a2200181Ia 4500 | ||
|---|---|---|---|
| 008 | 151202s9999||||xx |||||||||||||| ||und|| | ||
| 082 | _bPNVM-82937 | ||
| 100 | _aनलगे दिलीप. | ||
| 245 | _aसत्यशोधकांची भाषणेेे. | ||
| 260 | _b"रिया पब्लिकेशन्स् , कोल्हापूर." | ||
| 260 | _c2013 | ||
| 300 | _a248 | ||
| 600 | _aनलगे दिलीप. | ||
| 630 | _aसत्यशोधकांची भाषणेेे. | ||
| 700 | _aनलगे दिलीप. | ||
| 730 | _aसत्यशोधकांची भाषणेेे. | ||
| 942 | _cBOOK | ||
| 999 |
_c1347545 _d1347542 |
||